Statystyki dla Największe miasta w Ameryce Łacińskiej • A-Z

Kliknij tutaj aby rozwiązać quiz!

Ogólne statystyki

  • Ten quiz został rozwiązany 126 razy
  • Średni wynik to 8 z 26

Statystyki odpowiedzi

#Populacja#Miasto#% Poprawnych
R6, 476, 631BRRio de JaneiroR
86%
M8, 918, 653MEMeksykM
82%
B7, 862, 227KOBogotaB
80%
L8, 894, 421PELimaL
80%
S11, 967, 825BRSaõ PauloS
80%
C3, 289, 883WECaracasC
73%
Q2, 551, 721EKQuitoQ
69%
H2, 117, 625KUHawanaH
52%
K577, 774JMKingstonK
44%
F2, 591, 188BRFortalezaF
32%
P1, 746, 867BRPorto AlegreP
27%
T1, 298, 475METijuanaT
27%
J1, 382, 753MEJuárezJ
18%
G2, 589, 229EKGuayaquilG
14%
A869, 351PEArequipaA
11%
E1, 677, 687MEEcatepec de MorelosE
8%
V901, 900WEValenciaV
7%
X475, 506MEXalapa-EnriquezX
3%
Z1, 179, 681MEZapopanZ
3%
O694, 844BROsascoO
2%
U667, 668BRUberlândiaU
2%
D882, 729BRDuque de CaxiasD
1%
I523, 057KOIbaguéI
1%
N1, 039, 867MENezahualcóyotlN
1%
W47, 231NIWaspamW
0%
Y120, 000WEYaritaguaY
0%

Rozkład punktacji

Percentyl według liczby udzielonych odpowiedzi

Procent ludzi z każdym wynikiem

Twoja historia wyników

Nie rozwiązałeś tego quizu